000 01090nam2a2200289 4500
001 pb00000116
005 20250613213111.0
035 _a(NLR Aleph) 010161095
090 _a10101267
_c10101267
100 _a20100719d1901 |||y0rusy50 ca
101 0 _arus
102 _aRU
105 _aac z 000yy
200 1 _a1901 [Т.5], № 1, 2/3, 4-6
210 _d1901
_aБ. м.
300 _a№ 2/3: с. 61-68 отсутств.
300 _aТакже м/ф
325 _aКопия доступна в Электрон. б-ке РНБ http://vivaldi.nlr.ru/pm000020402/view
461 0 _1001RU\NLR\INFOCOMM33\1000075781
_12001#$aМир искусства$v1901 [Т.5], № 1, 2/3, 4-6
_92860111
_cСПб.
_d1899-1904
_tМир искусства
_v1901 [Т.5], № 1, 2/3, 4-6
801 0 _aRU
_bNLR
_c20100719
_gpsbo
801 1 _aRU
_bNLR
_c20100719
_2rusmarc
801 3 _aRU
_bRusAr
_c20100719
_2rusmarc
852 _aNLR
_j1/258-1низ
942 _cISSUE
980 _aNB
981 2 7 _a(27) Периодические издания
_b(27) Журналы